Claves para el diagnóstico de las enfermedades de los peces
I tiakina i:
| Kaituhi matua: | |
|---|---|
| Hōputu: | Pukapuka |
| Reo: | Pāniora |
| I whakaputaina: |
Zaragoza
Acribia
1976
|
| Ngā marau: | |
| Ngā Tūtohu: |
Tāpirihia he Tūtohu
Kāore He Tūtohu, Me noho koe te mea tuatahi ki te tūtohu i tēnei pūkete!
|
MARC
| LEADER | 00000nam a2200000 a 4500 | ||
|---|---|---|---|
| 001 | UCV4856 | ||
| 003 | CL-VaPUC | ||
| 008 | 881230e19760000SP |||||||||||||||||spa|d | ||
| 082 | 0 | 4 | |a 597.02 |b REI |2 21 |
| 100 | 0 | |a Reichenbach-Klinke, Heinz-Hermann |e author |9 299029 | |
| 245 | 1 | 0 | |a Claves para el diagnóstico de las enfermedades de los peces |
| 300 | |a 89 p | ||
| 942 | |c BK | ||
| 945 | |d 19881230 00:00:00 |a mfernand | ||
| 260 | |a Zaragoza |b Acribia |c 1976 | ||
| 650 | 7 | |a ENFERMEDADES DE LOS PECES |2 CL-VaPUC |9 259987 | |
| 650 | 0 | |a Patología veterinaria |9 261175 | |
| 583 | |a last modification |c 19881230 00:00:00 |k Rodrigo Vera | ||
| 999 | |c 211505 |d 211503 | ||
| 952 | |0 0 |1 0 |2 ddc |4 0 |6 597_020000000000000_REI_1976 |7 0 |8 CCM |9 190927 |a BIBCUR |b BIBCUR |c PAC |d 2019-11-14 |i 3048322 |o 597.02 REI 1976 |p 3048322 |r 2025-04-22 |w 2019-11-14 |y BK |k CIM | ||